Creative industries contracts between art and commerce
Saved in:
| Main Author: | |
|---|---|
| Format: | Book |
| Language: | English |
| Published: |
Cambridge
Harvard University Press
2000
|
| Subjects: | |
| Tags: |
No Tags, Be the first to tag this record!
|
MARC
| LEADER | 00000nam a2200000 4500 | ||
|---|---|---|---|
| 001 | 0177845 | ||
| 005 | 20221129100829.2 | ||
| 020 | |a 0-674-00808-1 | ||
| 041 | 0 | |a eng | |
| 044 | |a US | ||
| 245 | 1 | 0 | |a Creative industries |b contracts between art and commerce |c Richard E. Caves |
| 264 | 1 | |a Cambridge |b Harvard University Press |c 2000 | |
| 300 | |a ix, 454 s. | ||
| 610 | 2 | 0 | |a priemysel kreatívny |
| 610 | 2 | 0 | |a ekonomika kreatívna |
| 610 | 2 | 0 | |a umenie |
| 610 | 2 | 0 | |a obchod |
| 100 | 1 | |a Caves, Richard E. | |